00766nam a2200193 i 450000100060000000300090000600500170001500700030003200800410003508000170007610000330009324501730012626000530029930000220035249000690037461100390044383000690048285200210055119877ES-MaACL20250930063036.0t|021023s1946 sp ||||1| spa d a262.5 Trento1 aSolana, Marcial, d1880-195810aEstudios sobre el Concilio Trento en su cuarto centenario b: valor teológico de la tradición : un abad de Santander en el Concilio de Trento /cpor Marcial Solana. aSantander : b[s.n.], c1946 (fImp. Provincial) a222 p. ; c18 cm.1 aAnejos del Boletín de la Biblioteca de Menéndez Pelayo ; v127aConcilio de Trento d(1545-1563)20 aAnejos del Boletín de la Biblioteca de Menéndez Pelayo ; v1 aES-MaACLjE-5128